000
00234nam a22000857a 4500
008
160916b xxu||||| |||| 00| 0 eng d
100
_9
553
_a
Gupta.S.P.etal
245
_a
Environment Studies-W.B-4
260
_a
New Delhi
_b
APC Publications
_c
2011
999
_c
3210
_d
3210